Islam ibadah pembina tamadun manusia

Bibliographic Details
Main Author: Haron Din
Format: Book
Published: Kuala Lumpur : PTS Millennia , 2007
Subjects:

MARC

LEADER 00000cam a2200000 7i4500
001 0000025211
005 20090216.0
008 090216
020 |a 9833604218 
090 0 0 |a 297.27   |b HAR 
100 1 |a Haron Din 
245 1 0 |a Islam ibadah pembina tamadun manusia   |c Dato' Dr. Haron Din 
260 |a Kuala Lumpur :   |b PTS Millennia ,   |c 2007 
650 0 |a Islam   |x customs and practices 
650 0 |a Religious life   |x Islam 
999 |a 0001036797   |b Book   |c Adult Collection   |e Perbadanan Perpustakaan Awam Johor